000 00208nam a22001097a 4500
041 _aeng
080 _a80
100 _aNelson, P., Bangs, L.
245 _aRod Stewart.
650 _aBiography
999 _c278847
_d278847
942 _cBK